Poppy: Complete Discography - Statistics

General Stats
  • This quiz has been taken 82 times
    58 since last reset
  • The average score is 92 of 119
Answer Stats
Album Song % Correct
Poppy.Computer I'm Poppy
100%
I Disagree Bloodmoney
96%
Choke Choke
96%
I Disagree Concrete
96%
Eat Eat
96%
I Disagree Fill The Crown
96%
Flux Flux
96%
Stagger FYB
96%
I Disagree I Disagree
96%
Negative Spaces Negative Spaces
96%
Stagger Stagger
96%
Am I A Girl? X
96%
Zig Zig
96%
Am I A Girl? Am I A Girl?
91%
I Disagree Anything Like Me
91%
Eat Breeders
91%
I Disagree Don't Go Outside
91%
Bubblebath Lowlife
91%
Zig Motorbike
91%
Am I A Girl? Play Destroy
91%
Eat Say Cheese
91%
Choke Scary Mask
91%
Bubblebath Altar
87%
I Disagree Bite Your Teeth
87%
Empty Hands Bruised Sky
87%
Empty Hands Empty Hands
87%
Zig Hard
87%
Negative Spaces Have You Had Enough?
87%
Flux Her
87%
Choke Meat
87%
Flux Never Find My Place
87%
Empty Hands Public Domain
87%
Stagger Shapes
87%
I Disagree Sick Of The Sun
87%
Flux So Mean
87%
I Disagree Bleep Bloop
83%
Am I A Girl? Chic Chick
83%
Zig Church Outfit
83%
Poppy.Computer Computer Boy
83%
Negative Spaces Crystallized
83%
Am I A Girl? Girls In Bikinis
83%
Negative Spaces Halo
83%
I Disagree Khaos x4
83%
Zig Knockoff
83%
Flux Lessen The Damage
83%
Negative Spaces Nothing
83%
Negative Spaces Push Go
83%
I Disagree Sit/Stay
83%
Negative Spaces The Cost Of Giving Up
83%
Zig 1s + 0s
78%
Bubblebath American Kids
78%
Flux Bloom
78%
Poppy.Computer Fuzzy
78%
Empty Hands Guardian
78%
Bubblebath Money
78%
Poppy.Computer My Microphone
78%
Negative Spaces New Way Out
78%
Stagger Pocket
78%
Poppy.Computer Software Upgrade
78%
Choke The Holy Mountain
78%
Am I A Girl? Time Is Up
78%
Empty Hands Unravel
78%
Negative Spaces Vital
78%
Choke Voicemail
78%
Flux As Strange As It Seems
74%
I Disagree Don't Ask
74%
Am I A Girl? In A Minute
74%
I Disagree Nothing I Need
74%
Flux On The Level
74%
Poppy.Computer Pop Music
74%
Empty Hands Ribs
74%
Zig The Attic
74%
Negative Spaces The Center's Falling Out
74%
Am I A Girl? The Rapture Ball
74%
Negative Spaces They're All Around Us
74%
Duets / Collaborations V.A.N.
74%
Empty Hands Constantly Nowhere
70%
Eat Cue
70%
Eat Dark Dark World
70%
Empty Hands Dying To Forget
70%
Empty Hands Eat The Hate
70%
Zig Flicker
70%
Negative Spaces Hey There
70%
Flux Hysteria
70%
I Disagree If It Bleeds
70%
Singles Immature Couture
70%
Am I A Girl? Interlude 1
70%
Am I A Girl? Interlude 2
70%
Poppy.Computer Interweb
70%
A Very Poppy Christmas I Won't Be Home For Christmas
70%
Poppy.Computer Let's Make A Video
70%
Zig Linger
70%
Poppy.Computer Moshi Moshi
70%
Singles Spit
70%
Features Suffocate
70%
Negative Spaces Surviving On Defiance
70%
Negative Spaces Yesterday
70%
Am I A Girl? Aristocrat
65%
Poppy.Computer Bleach Blonde Baby
65%
Empty Hands Blink
65%
Singles Fear Of Dying
65%
Am I A Girl? Hard Feelings
65%
Empty Hands If We're Following The Light
65%
Singles Metal
65%
Poppy.Computer My Style
65%
Empty Hands The Wait
65%
Empty Hands Time Will Tell
65%
Singles All The Things She Said
61%
Am I A Girl? Fashion After All
61%
Duets / Collaborations From Me To U
61%
Am I A Girl? Iconic
61%
A Very Poppy Christmas I Like Presents
61%
Soundtracks Moonage Daydream
61%
Zig Prove It
61%
Negative Spaces Tomorrow
61%
Duets / Collaborations End Of You
57%
Zig What It Becomes
57%
A Very Poppy Christmas Kiss In The Snow
52%
Features They'll Just Love You
48%
No matching quizzes found
Score Distribution
Percent of People with Each Score
Percentile by Number Answered
Your Score History
You have not taken this quiz since the last reset